Touts les Pays d'Afrique en 2 minutes - Statistiques

Statistiques générales
  • Ce quiz a été pris 848 fois
  • Le résultat moyen est 38 sur 54
Réponses sur la Carte
Les réponses sont colorées sur une échelle allant du rouge au vert en fonction du pourcentage des utilisateurs qui les ont devinées à leur premier essai. Vous pouvez retrouver ces pourcentages ci-dessous.
 
Statistiques - réponses
Pays % Correct
Algerie
97%
Maroc
95%
Égypte
94%
Tunisie
92%
République démocratique du Congo
87%
Libye
86%
Sénégal
86%
Afrique du Sud
84%
Congo
84%
Mali
84%
Niger
83%
Guinée
82%
Nigéria
82%
Soudan
80%
Cameroun
79%
Mauritanie
79%
Madagascar
77%
Éthiopie
76%
Somalie
76%
Tchad
76%
Togo
75%
Côté d'Ivoire
74%
Cap Vert
73%
Soudan du Sud
73%
Bénin
72%
Angola
71%
Guinée Bissau
71%
Érythrée
70%
Ghana
69%
Kenya
68%
Gambie
67%
Guinée Équatoriale
67%
Lesotho
67%
Zambie
67%
Burkina Faso
65%
Gabon
65%
Tanzanie
65%
République Centrafricaine
64%
Zimbabwe
64%
Djibouti
63%
Rwanda
62%
Eswatini
60%
Liberia
60%
Mozambique
60%
Ouganda
60%
Sierra Leone
60%
Botswana
59%
Comores
59%
Malawi
58%
Namibie
58%
Burundi
57%
Seychelles
54%
Maurice
53%
Sao Tome et Principe
37%
Aucun quiz correspondant
Distribution des résultats
% des personnes avec chaque résultat
Percentile par nombre de réponses
Votre historique - résultats
Vous n’avez pas pris ce quiz